[Event "Challenge"]
[Site "http://www.queenalice.com/game.php?id=1112871"]
[Date "2012.10.16"]
[Round "-"]
[White "leospirandio"]
[Black "Matt_Murdock"]
[Result "0-1"]
[WhiteElo "1219"]
[BlackElo "1100"]

1. e3 e5 2. b3 d5 3. Bb2 Nc6 4. g3 f5 5. Bg2 e4 6. d3 Nb4 7. dxe4 fxe4 8. a3 Nc6
9. h3 Be6 10. b4 Qd6 11. Nc3 O-O-O 0-1

[Event "AUTO-OPEN-2819"]
[Site "http://www.queenalice.com/game.php?id=1112914"]
[Date "2012.10.16"]
[Round "1"]
[White "chapichapo"]
[Black "leospirandio"]
[Result "1-0"]
[WhiteElo "1794"]
[BlackElo "1346"]

1. e4 b6 2. Bc4 e6 3. Qf3 Bb7 4. d4 h6 5. d5 c6 6. Nc3 b5 7. dxe6 dxe6 8. Bb3 a5
9. a4 b4 10. Nce2 g6 11. Nh3 c5 12. Bc4 f5 13. Bxe6 Bxe4 14. Qe3 Nc6 15. f3 Bxc2
16. Bxg8+ Ne7 17. O-O Rxg8 18. Qxc5 Rc8 19. Qb5+ Nc6 20. Re1 Rg7 21. Nd4+ Re7
22. Rxe7+ Bxe7 23. Be3 Kf8 24. Nxc6 Qd6 25. Nxe7 Qxe7 26. Bxh6+ Kg8 27. Qd5+ Kh7
28. Qd2 Qc5+ 29. Be3 Qe5 30. Qd7+ Kh8 31. Qxc8+ Kh7 32. Ng5+ Kg7 33. Qd7+ Kg8
34. Qf7+ Kh8 35. Qh7# 1-0

[Event "AUTO-OPEN-2819"]
[Site "http://www.queenalice.com/game.php?id=1112915"]
[Date "2012.10.16"]
[Round "1"]
[White "leospirandio"]
[Black "chapichapo"]
[Result "0-1"]
[WhiteElo "1346"]
[BlackElo "1796"]

1. e3 e5 2. b3 d5 3. Bb2 c5 4. Bxe5 f6 5. Bb2 Nc6 6. a3 Bf5 7. g4 Bg6 8. Bg2
Nge7 9. h3 d4 10. exd4 Nxd4 11. Bxd4 Qxd4 12. c3 Qe5+ 13. Ne2 O-O-O 14. O-O Bd3
15. Re1 Bxe2 16. Rxe2 Qf4 17. c4 Ng6 18. Re4 Qc7 19. Nc3 Bd6 20. Kf1 Nf4 21. Nd5
Qd7 22. d4 Nxd5 23. Qf3 Ne7 24. Re6 Nc6 25. d5 Nd4 26. Qd3 Nxe6 27. dxe6 Qxe6
28. Re1 Qd7 29. Qd5 Rhe8 30. Rxe8 Rxe8 31. a4 Re5 32. Qd3 Qe7 33. Qd1 g5 34. b4
Kc7 35. bxc5 Rxc5 36. Qb3 b6 37. a5 Rxa5 38. c5 Ra1+ 39. Qd1 Rxd1# 0-1

[Event "AUTO-OPEN-2819"]
[Site "http://www.queenalice.com/game.php?id=1112930"]
[Date "2012.10.16"]
[Round "1"]
[White "leospirandio"]
[Black "Luc_2010"]
[Result "0-1"]
[WhiteElo "1229"]
[BlackElo "1493"]

1. e3 g6 2. b3 Bg7 3. d4 Nf6 4. Bb2 d6 5. h3 O-O 6. a4 c5 7. d5 Nxd5 8. Bxg7
Nxe3 9. fxe3 Kxg7 10. g4 Qa5+ 11. c3 Nc6 12. Na3 Qxc3+ 13. Kf2 Qf6+ 14. Nf3 Ne5
15. Bg2 Nxf3 16. Bxf3 b6 0-1

[Event "AUTO-OPEN-2819"]
[Site "http://www.queenalice.com/game.php?id=1112931"]
[Date "2012.10.16"]
[Round "1"]
[White "Luc_2010"]
[Black "leospirandio"]
[Result "1-0"]
[WhiteElo "1498"]
[BlackElo "1224"]

1. g4 e6 2. Bg2 g6 3. c4 Bg7 4. Qb3 Nc6 5. d3 Nd4 6. Qa4 a6 7. Nf3 b5 8. cxb5
Nxb5 9. Nd4 Ra7 10. Nxb5 Rb7 11. N5c3 c6 12. g5 d5 13. h4 1-0

[Event "AUTO-BEG-559"]
[Site "http://www.queenalice.com/game.php?id=1113635"]
[Date "2012.10.18"]
[Round "1"]
[White "leospirandio"]
[Black "jdimas"]
[Result "0-1"]
[WhiteElo "1307"]
[BlackElo "1236"]

1. e3 a5 2. b3 e6 3. Bb2 d5 4. g3 c6 5. Bg2 a4 6. bxa4 Rxa4 7. Nc3 Ra8 8. Qg4 h5
9. Qd1 d4 10. exd4 Qxd4 11. Nf3 Qd8 12. a3 f6 13. Nh4 Ne7 14. Bf3 g6 15. Ne4 Bg7
16. Nxf6+ Bxf6 17. Bxf6 Rf8 18. Bg7 Rf7 19. Bb2 Nd7 20. c4 Nc5 21. d3 Qa5+ 22.
Kf1 Qb6 23. Rb1 e5 24. Bxe5 Qa7 25. Kg2 Qxa3 26. Re1 Nxd3 27. Re3 Bh3+ 28. Kg1
Rd8 29. Bh8 Qd6 30. Rxb7 Nc5 31. Rb1 Ne6 32. Be5 Qc5 33. Qc2 g5 34. Ng6 Bf5 35.
Be4 Nd4 36. Bxd4 Bxe4 37. Qxe4 Rxd4 38. Rb8+ Kd7 39. Qe6+ Kc7 40. Qe5+ Qxe5 41.
Nxe5 Nf5 42. Nxf7 Nxe3 43. Rh8 Rd1# 0-1

[Event "AUTO-BEG-559"]
[Site "http://www.queenalice.com/game.php?id=1113636"]
[Date "2012.10.18"]
[Round "1"]
[White "jdimas"]
[Black "leospirandio"]
[Result "1-0"]
[WhiteElo "1100"]
[BlackElo "1317"]

1. a4 d6 2. e3 g6 3. d4 Bg7 4. c3 b6 5. b4 Bb7 6. a5 a6 7. f4 f5 8. g4 Bxh1 9.
gxf5 gxf5 10. Qh5+ Kf8 11. Bc4 d5 12. Qxf5+ Bf6 13. Bb3 Nh6 14. Qh3 Bg7 15. f5
Nd7 16. e4 dxe4 17. Bxh6 e5 18. Qh5 Nf6 19. Qf7# 1-0

[Event "AUTO-BEG-559"]
[Site "http://www.queenalice.com/game.php?id=1113637"]
[Date "2012.10.18"]
[Round "1"]
[White "leospirandio"]
[Black "grautvornix"]
[Result "0-1"]
[WhiteElo "1237"]
[BlackElo "1609"]

1. e3 c5 2. b3 b6 3. Qf3 Nc6 4. Bb2 Bb7 5. Na3 e6 6. Nb5 a6 7. Na3 f5 8. Nc4 Nf6
9. Nd6+ Bxd6 10. d4 O-O 11. Bc4 b5 12. Bf1 Qc7 13. Nh3 Ng4 14. dxc5 Bxc5 15. Ng5
Nce5 16. Qf4 Bd6 17. h3 Nd3+ 18. cxd3 Bxf4 19. exf4 Nxf2 20. Kxf2 Qc2+ 21. Ke1
Qxb2 22. Rd1 Qxa2 23. Rh2 Qxb3 0-1

[Event "AUTO-BEG-559"]
[Site "http://www.queenalice.com/game.php?id=1113638"]
[Date "2012.10.18"]
[Round "1"]
[White "grautvornix"]
[Black "leospirandio"]
[Result "1-0"]
[WhiteElo "1611"]
[BlackElo "1235"]

1. Nf3 b6 2. e4 Bb7 3. d3 g6 4. g3 Bg7 5. Bg2 e6 6. Nbd2 h6 7. O-O Ne7 8. c3 d5
9. Re1 dxe4 10. Nxe4 Nd7 11. d4 Nf6 12. Ne5 Nxe4 13. Bxe4 Bxe4 14. Qa4+ c6 15.
Rxe4 b5 16. Qa6 f5 17. Re1 Bxe5 18. Rxe5 Qd7 19. Bd2 Nd5 20. Rae1 Kf7 21. Kg2 h5
22. b3 h4 23. c4 Nc7 24. Qa5 hxg3 25. fxg3 1-0

[Event "Challenge"]
[Site "http://www.queenalice.com/game.php?id=1114241"]
[Date "2012.10.20"]
[Round "-"]
[White "leospirandio"]
[Black "TomasBlack"]
[Result "0-1"]
[WhiteElo "1265"]
[BlackElo "1386"]

1. e4 d5 2. d3 Nf6 3. b4 b5 4. a4 c6 5. axb5 cxb5 6. e5 Nfd7 7. Bb2 f6 8. g3
Nxe5 9. d4 Nec6 10. Bc3 e5 11. dxe5 fxe5 12. Bg2 Be6 13. Na3 Nxb4 14. Nxb5 Qb6
15. Na3 N8c6 0-1